000 00461nam a2200145 4500
999 _c6168
_d6168
008 170210b xxu||||| |||| 00| 0 eng d
082 _aDPer 910.5 T69 Jan-Aug 2015 V. 1-4
100 _918642
_aCasas, Isabel M.
245 _aResort-style rest and relaxation/
_cIsabel M. Casas.
260 _aPhilippines:
_bOne Mega Group,
_c©2015.
300 _av1, pages 34-35;
_c28 cm.
500 _aTravel Now.
650 0 _918643
_aResorts
_xRecreation
942 _2ddc
_cPER